Irredentist Claims Quiz - Statistics

General Stats
  • This quiz has been taken 127 times
  • The average score is 12 of 12
Answer Stats
Picture Answer % Correct
Armenia
100%
Bangladesh
100%
Bolivia
100%
Germany
100%
Ireland
100%
Italy
100%
Albania
99%
Argentina
99%
Greece
99%
Guatemala
99%
Japan
99%
Bulgaria
98%
No matching quizzes found
Score Distribution
Percent of People with Each Score
Percentile by Number Answered
Your Score History
You have not taken this quiz